Introducción a los mercados de futuros y opciones

Uloženo v:
Podrobná bibliografie
Hlavní autor: Hull, John C (Autor)
Médium: Kniha
Jazyk:španělština
Vydáno: Cuernavaca, México Pearson Educación de México 2014
Vydání:Octava edición
Témata:
On-line přístup:Disponible Online
Tagy: Přidat tag
Žádné tagy, Buďte první, kdo vytvoří štítek k tomuto záznamu!

MARC

LEADER 00000cam a2200000 a 4500
001 UCE9907
003 CL-VaPUC
005 20240610155826.0
008 151112e20140000mx |||||||||||||||||spa|d
999 |c 361550  |d 361548 
020 |a 9786073222693 
040 |c Pontificia Universidad Católica de Valparaíso 
082 0 4 |a 332.632 HUL 2014  |2 21 
100 |a Hull, John C  |e author  |9 582887 
245 1 0 |a Introducción a los mercados de futuros y opciones 
250 |a Octava edición  
260 |a Cuernavaca, México   |b Pearson Educación de México  |c 2014 
300 |a 607 páginas  
500 |a Incluye CD con programa DerivaGem 
583 |a last modification  |c 20190123 12:44:08  |k Rodrigo Vera 
650 0 |a Mercado de futuros  |2 CL-VaPUC  |9 410318 
650 0 |a Mercado de opciones  |9 469650 
650 0 |a Contratos de opción  |9 889396 
650 0 |a Swaps  |9 889397 
856 |u http://bibliografiadigital.pucv.cl.pucv.idm.oclc.org/index.php/bibliotecapucv/catalog/book/584  |y Disponible Online  
942 |c BK  |2 ddc 
945 |d 20151112 20:22:00  |a dcastane 
952 |0 0  |1 0  |3 erb  |4 0  |6 332_632000000000000_HUL_2014  |7 0  |8 R  |9 472133  |a BIBENE  |b BIBENE  |i 5248957  |l 2  |o 332.632 HUL 2014  |p 5248957  |r 2025-01-15  |s 2023-05-12  |w 2019-11-24  |y BK_R  |z Catalogado en:20151112  |k ICO 
952 |0 0  |1 0  |3 erb  |4 0  |6 332_632000000000000_HUL_2014  |7 0  |8 R  |9 472134  |a BIBENE  |b BIBENE  |i 5360323  |l 6  |m 2  |o 332.632 HUL 2014  |p 5360323  |r 2025-01-15  |s 2024-10-03  |w 2019-11-24  |y BK_R  |z Catalogado en:20170119  |k ICO 
952 |0 0  |1 0  |3 erb  |4 0  |6 332_632000000000000_HUL_2014  |7 0  |8 R  |9 472135  |a BIBENE  |b BIBENE  |i 5360331  |l 4  |o 332.632 HUL 2014  |p 5360331  |r 2025-01-15  |s 2023-10-24  |w 2019-11-24  |y BK_R  |z Catalogado en:20170119  |k ICO 
952 |0 0  |1 0  |2 ddc  |3 erb  |4 0  |6 332_632000000000000_HUL_2014  |7 0  |8 R  |9 472136  |a BIBENE  |b BIBENE  |i 536034K  |l 6  |o 332.632 HUL 2014  |p 536034K  |r 2025-01-15  |s 2024-10-09  |w 2019-11-24  |y BK_R  |z Catalogado en:20170119  |k ICO 
952 |0 0  |1 0  |3 erb  |4 0  |6 332_632000000000000_HUL_2014  |7 0  |8 R  |9 472137  |a BIBGIM  |b BIBGIM  |i 5528496  |l 2  |o 332.632 HUL 2014  |p 5528496  |r 2025-01-15  |s 2024-05-13  |w 2019-11-24  |y BK_R  |z Catalogado en:20190111  |k COM 
952 |0 0  |1 0  |3 erb  |4 0  |6 332_632000000000000_HUL_2014  |7 0  |8 R  |9 472138  |a BIBGIM  |b BIBGIM  |i 5530075  |l 2  |m 1  |o 332.632 HUL 2014  |p 5530075  |r 2025-01-15  |s 2024-06-03  |w 2019-11-24  |y BK_R  |z Catalogado en:20190125  |k COM 
952 |0 0  |1 0  |3 erb  |4 0  |6 332_632000000000000_HUL_2014  |7 0  |8 R  |9 472139  |a BIBGIM  |b BIBGIM  |i 5530083  |l 3  |m 3  |o 332.632 HUL 2014  |p 5530083  |q 2025-07-31  |r 2024-03-05  |s 2024-03-05  |w 2019-11-24  |y BK_R  |z Catalogado en:20190125  |k COM